| 000 | 00862cam a2200277 a 4500 | ||
|---|---|---|---|
| 001 | 495 | ||
| 005 | 20250827142053.0 | ||
| 020 | _a1568461879 (lib. bdg.) | ||
| 040 |
_aDLC _cDLC _dDLC _dFISKH _beng |
||
| 050 | 0 | 0 |
_aPZ8.3.W133 _bEn 2005 |
| 082 | 0 | 0 |
_a451 _222 |
| 100 | 1 | _aWahl, Jan. | |
| 245 | 1 | 4 |
_aThe enchanted sled / _cwritten by Jan Wahl & illustrated by Monique Felix. |
| 250 | _a1st ed. | ||
| 260 |
_aMankato, MN : _bCreative Editions, _c2005. |
||
| 300 |
_a16 leaves of plates : _bcolor illustrations : _c27 cm. |
||
| 505 | _aF | ||
| 520 | _aIllustrations and rhyming text extol the joys of a wondrous sled ride. | ||
| 521 |
_a420
_bLexile |
||
| 521 |
_aF
_bRaz-Plus |
||
| 650 | 1 |
_aSledding _vFiction. |
|
| 650 | 1 | _aStories in rhyme. | |
| 700 | 1 |
_aFélix, Monique, _eill. |
|
| 906 |
_a7 _bcbc _corignew _d1 _eocip _f20 _gy-gencatlg |
||
| 942 |
_2ddc _cBK _n0 |
||
| 999 |
_c495 _d495 |
||